Sacra doctrina y progreso dogmático en los "Reportata" inéditos de Juan de Guevara / (Record no. 99891)

MARC details
000 -LEADER
campo de control de longitud fija 00684nam a2200205 i 4500
001 - NÚMERO DE CONTROL
campo de control 99891
003 - IDENTIFICADOR DE NÚMERO DE CONTROL
campo de control ES-MaACL
005 - FECHA Y HORA DE LA ÚLTIMA TRANSACCIÓN
campo de control 20251220172719.0
007 - CAMPO FIJO DE DESCRIPCIÓN FÍSICA--INFORMACIÓN GENERAL
campo de control de longitud fija t|
008 - DATOS DE LONGITUD FIJA--INFORMACIÓN GENERAL
campo de control de longitud fija 050919s1967 sp ||||1| spa d
100 1# - ENTRADA PRINCIPAL--NOMBRE DE PERSONA
Nombre de persona Martínez Fernández, Luis.
9 (RLIN) 78081
245 10 - MENCIÓN DEL TÍTULO
Título Sacra doctrina y progreso dogmático en los "Reportata" inéditos de Juan de Guevara /
Mención de responsabilidad, etc. Luis Martínez Fernández.
260 ## - PUBLICACIÓN, DISTRIBUCIÓN, ETC.
Lugar de publicación, distribución, etc. Vitoria :
Nombre del editor, distribuidor, etc. Editorial Eset,
Fecha de publicación, distribución, etc. 1967.
300 ## - DESCRIPCIÓN FÍSICA
Extensión XVII, 595 p. ;
Dimensiones 25 cm.
490 1# - MENCIÓN DE SERIE
Mención de serie Victoriensia ;
Designación de volumen o secuencia 26
710 2# - ENTRADA AGREGADA--NOMBRE DE ENTIDAD CORPORATIVA
Nombre de entidad corporativa o nombre de jurisdicción como elemento de entrada Seminario Diocesano de Vitoria
9 (RLIN) 6563
830 0# - PUNTO DE ACCESO ADICIONAL DE SERIE-TÍTULO UNIFORME
Título uniforme Victoriensia ;
Designación de volumen o secuencia 26
9 (RLIN) 181754
852 ## - LOCALIZACIÓN
Ubicación ES-MaACL
Número de control de estantería C-33727
Sublocalización o colección R.64728
Holdings
Estatus retirado Estado de pérdida Estado de daño No para préstamo Biblioteca de origen Biblioteca actual Ubicación en estantería Fecha de adquisición Fuente de adquisición Total de préstamos Signatura topográfica completa Código de barras Visto por última vez Precio de reemplazo Tipo de ítem Koha
        Biblioteca del Ateneo de Madrid Biblioteca del Ateneo de Madrid Depósito 2 17/01/2008     C-33727 1104303 23/02/2023 23/02/2023 Libro impreso